| 000 | 00376nam a2200157 a 4500 | ||
|---|---|---|---|
| 001 | 82 | ||
| 003 | CDMR | ||
| 005 | 20130411163219.0 | ||
| 008 | 130130s1994||||||||||||||||||||||||||||d | ||
| 040 |
_aCDMR _bcat _cCPC LLEIDA |
||
| 100 | 1 |
_aCosta, Joan _980 |
|
| 245 | 1 | 2 |
_aA expresividade da Foto _cCOSTA, Joan |
| 260 |
_aLugo _c1994 _bLea |
||
| 650 | 0 | 4 |
_93096 _aFotografia |
| 942 |
_cMON _2udc |
||
| 999 |
_c82 _d82 |
||